000 00340nam a22001217a 4500
008 140326b xxu||||| |||| 00| 0 eng d
050 _aPZ4.R19 R6
100 _aRaven, Simon
_99396
245 _aThe Roses of Picadie
_ba romance
_cSimon Raven
260 _aLondon
_bA Panther Book
_c1980
300 _a443p. ;
_c18cm.
942 _2lcc
_cMONOGRAPH
999 _c120265
_d120265